| 000 | 00391nam a22001577a 4500 | ||
|---|---|---|---|
| 003 | SGT | ||
| 020 | _a9788193245088 | ||
| 082 |
_a617.63 _bS19N |
||
| 100 | _aNAGAR, PREETI | ||
| 245 | _aStaging and Grading of Oral Squamous Cell Carcinoma | ||
| 250 | _a1ST | ||
| 260 |
_aNEW DELHI _b IP Innovative Publication Pvt. _c2019 |
||
| 300 | _a1-120 | ||
| 650 | _aORAL MEDICINE | ||
| 942 |
_2ddc _cBK |
||
| 999 |
_c20171 _d20171 |
||